000 00822nam a2200253Ia 4500
003 OSt
005 20220923212254.0
006 a|||||r|||| 00| 0
007 ta
008 220922b |||||||| |||| 00| 0 hin d
024 _a151,877
037 _cTextual
040 _aARTS
_cARTS
_bhin
041 _2hin
_ahin
082 _a/\2y7M63x, 152J3;L6
100 _aविवेकानन्द
245 0 _aमेरे गुरूदेव
246 _aMere gurūdeva
260 _aनागपूर
_b श्रीराकृष्ण आश्रम
_c1976
300 _a54 पृ.
_ccm.
650 _aआध्यात्मिक अनुभव और रहस्यवाद
942 _h/\2y7M63x, 152J3;L6
_cTEXL
_2CC
999 _c307550
_d307550